• 首页
  • 本馆介绍
  • 公告通知
  • 最新文献
  • 馆藏检索
  • 电子资源
  • 读者导购
  • 参考咨询
  • 我的图书馆
  • 登录
  • 详细信息显示
  • 放入我的书架
  • 预约/预借图书
  • 作者相关作品
  • 分类相关作品
  • 丛书相关作品
  • 出版社相关作品

书目信息

  • 表格格式
  • 工作单格式
  • 卡片格式
题名:
复变函数与积分变换
    
 
作者: 杜洪艳 , 尤正书 , 侯秀梅 主编
分册:  
出版信息: 武汉   华中师范大学出版社  2019
页数: 197页
开本: 25cm
丛书名:
单 册:
中图分类: O174.5 , O177.6
科图分类:
主题词: 复变函数--高等教育--教材 , 积分变换--高等教育--教材
电子资源:
ISBN: 978-7-5622-5260-3
000 00983nam0 2200289 45
001 012001005216
005 20140101151442.0
010    @a978-7-5622-5260-3@dCNY26.00
100    @a20120317d2012 em y0chiy50 ea
101 0  @achi
102    @aCN@b420000
105    @ay z 000yy
106    @ar
200 1  @a复变函数与积分变换@9fu bian han shu yu ji fen bian huan@f杜洪艳,尤正书,侯秀梅主编
210    @a武汉@c华中师范大学出版社@d2019
215    @a197页@d25cm
300    @a21世纪高等教育规划教材·数学系列
330    @a本书共分九章,分别是:复数与复平面、解析函数、复积分、级数、留数及其应用、保形映射、傅里叶变换、拉普拉斯变换、快速傅里叶变换。
606 0  @a复变函数@x高等教育@j教材
606 0  @a积分变换@x高等教育@j教材
690    @aO174.5@v5
690    @aO177.6@v5
701  0 @a杜洪艳@9du hong yan@4主编
701  0 @a尤正书@9you zheng shu@4主编
701  0 @a侯秀梅@9hou xiu mei@4主编
801  0 @aCN@b江苏凤凰@c20191020
905    @b1207748-51@dO174.5@e246@f4
    
    复变函数与积分变换/杜洪艳,尤正书,侯秀梅主编.-武汉:华中师范大学出版社,2019
    197页;25cm
    21世纪高等教育规划教材·数学系列
    
    ISBN 978-7-5622-5260-3:CNY26.00
    本书共分九章,分别是:复数与复平面、解析函数、复积分、级数、留数及其应用、保形映射、傅里叶变换、拉普拉斯变换、快速傅里叶变换。
●
相关链接 在E读中查询图书 在五车中查询图书 在当当中查询图书 在豆瓣中查询图书


正题名:复变函数与积分变换     索取号:O174.5/246         预约/预借

序号 登录号 条形码 馆藏地/架位号 状态 备注
1 1207748   212077483   第二样本阅览室/ [索取号:O174.5/246] 在馆    
2 1207749   212077492   第三借阅区/ [索取号:O174.5/246] 在馆    
3 1207750   212077508   第三借阅区/ [索取号:O174.5/246] 在馆    
4 1207751   212077517   第三借阅区/ [索取号:O174.5/246] 在馆    
唐山师范学院图书馆 欢迎您!
大连网信软件有限公司© 版权所有